00676cam a2200193u 450000100060000000300080000600500170001400800410003103500190007204000330009104100080012408200200013210000530015224500750020526000850028030000260036565000420039170000490043325407BD-RjUL20211209050856.0140318s1876 enk 000 0 eng  a(BD-RjUL)25477 aDLCcCarPdDLCdBD-RjULbeng aeng04bTHE 1876a829.11 aThynne, Francis,d1545?-1608. [from old catalog]00aEmblemes and epigrames /c Francis Thynne; Frederick James Furnivall. aLondon :bPub. for the Early English text society, by N. Trübner & co.,c1876. axvi, 112 p. ;c22 cm. 0aEpigrams, English. [from old catalog]1 aFurnivall, Frederick James,d1825-1910,eed.